[Event "Reykjavik op"]
[Site "Reykjavik"]
[Date "2024.03.18"]
[Round "6"]
[White "Phan, Stefanus Kf"]
[Black "Chilton, James I"]
[Result "1-0"]
[WhiteElo "2019"]
[BlackElo "1823"]
[PlyCount "71"]
[EventDate "2024.03.15"]
[EventType "swiss"]
[EventRounds "9"]
[EventCountry "ISL"]
[SourceTitle "CB13_2024"]
[SourceDate "2024.03.27"]
[SourceVersion "1"]
[SourceVersionDate "2024.03.27"]
[SourceQuality "1"]

1. Nf3 d5 2. c4 d4 3. e3 c5 4. b4 dxe3 5. fxe3 cxb4 6. a3 bxa3 7. Bxa3 g6 8. Qb3 Nf6 9. Nc3 Bg7 10. Rc1 0-0 11. Be2 Re8 12. 0-0 e5 13. Nb5 e4 14. Nfd4 Nc6 15. Nxc6 bxc6 16. Nd6 Re5 17. c5 Be6 18. Qa4 Bd5 19. Ba6 Rb8 20. Rb1 Re7 21. Bb2 Bb3 22. Qa1 Re6 23. Bd4 Nh5 24. Bxg7 Rxd6 25. cxd6 Nxg7 26. Qe5 Be6 27. Rxb8 Qxb8 28. d7 Qd8 29. Rb1 Qxd7 30. Rb7 f6 31. Qxf6 Ne8 32. Qh4 Nc7 33. Qf4 Nd5 34. Rb8+ Qc8 35. Rxc8+ Bxc8 36. Qb8 1-0

[Event "Reykjavik op"]
[Site "Reykjavik"]
[Date "2024.03.17"]
[Round "4"]
[White "Phan, Stefanus Kf"]
[Black "Wallasch, Stefan"]
[Result "1/2-1/2"]
[WhiteElo "2019"]
[BlackElo "1777"]
[PlyCount "63"]
[EventDate "2024.03.15"]
[EventType "swiss"]
[EventRounds "9"]
[EventCountry "ISL"]
[SourceTitle "CB13_2024"]
[SourceDate "2024.03.27"]
[SourceVersion "1"]
[SourceVersionDate "2024.03.27"]
[SourceQuality "1"]

1. c4 e6 2. g3 d5 3. Bg2 Nf6 4. Nf3 Be7 5. 0-0 0-0 6. d4 b6 7. Nc3 Bb7 8. b3 Nbd7 9. Bb2 c5 10. cxd5 Nxd5 11. Nxd5 Bxd5 12. Qd2 cxd4 13. Nxd4 Bxg2 14. Kxg2 Nf6 15. Rfd1 Qd5+ 16. f3 Rfd8 17. Qe1 Qb7 18. Rac1 Rac8 19. Rxc8 Rxc8 20. Rc1 Nd5 21. a3 Bf6 22. e4 Ne7 23. Rxc8+ Nxc8 24. e5 Bd8 25. Qc3 Ne7 26. a4 Qc7 27. Qxc7 Bxc7 28. Nb5 Bb8 29. Ba3 Nc6 30. Bd6 a6 31. Bxb8 Nxb8 32. Nd6 1/2-1/2

[Event "BCF-chT3W 2223 (4NCL)"]
[Site "England"]
[Date "2023.03.18"]
[Round "7.42"]
[White "Sandhu, Manvith"]
[Black "Phan, Stefanus Kf"]
[Result "1/2-1/2"]
[WhiteElo "2037"]
[BlackElo "2004"]
[PlyCount "47"]
[EventDate "2022.10.22"]
[EventType "team-tourn"]
[EventRounds "11"]
[EventCountry "ENG"]
[SourceTitle "EXT 2024"]
[Source "ChessBase"]
[SourceDate "2023.10.10"]
[SourceVersion "1"]
[SourceVersionDate "2023.10.10"]
[SourceQuality "1"]
[WhiteTeam "Warwicks Select II"]
[BlackTeam "Oxford II"]
[WhiteTeamCountry "ENG"]
[BlackTeamCountry "ENG"]

1. e4 c6 2. d4 d5 3. e5 Bf5 4. Nf3 e6 5. Be2 c5 6. Be3 cxd4 7. Nxd4 Ne7 8. 0-0 Nbc6 9. Bb5 Qc7 10. c4 dxc4 11. Na3 Bd3 12. Bxc4 Bxc4 13. Nxc4 Nd5 14. Nb5 Qd7 15. Nbd6+ Bxd6 16. Nxd6+ Kf8 17. Bc5 Kg8 18. f4 h5 19. Qf3 b6 20. Ba3 Rd8 21. Qe4 Nce7 22. Rad1 g6 23. Qd3 Kg7 24. Qg3 1/2-1/2

[Event "Newcastle Northumbria Masters"]
[Site "Newcastle on Tyne"]
[Date "2022.08.30"]
[Round "8"]
[White "Phan, Stefanus Kf"]
[Black "Storey, Charles"]
[Result "1/2-1/2"]
[WhiteElo "1824"]
[BlackElo "2167"]
[PlyCount "109"]
[EventDate "2022.08.26"]
[EventType "swiss"]
[EventRounds "9"]
[EventCountry "ENG"]
[SourceTitle "CBM 210 Extra"]
[Source "ChessBase"]
[SourceDate "2022.11.30"]
[SourceVersion "1"]
[SourceVersionDate "2022.11.30"]
[SourceQuality "1"]

1. c4 c5 2. g3 g6 3. Bg2 Bg7 4. Nc3 Nc6 5. Nf3 Rb8 6. 0-0 a6 7. a4 d6 8. Rb1 h5 9. h4 Nh6 10. d3 Nf5 11. Bd2 b6 12. Ne1 Bb7 13. Nc2 a5 14. Nb5 e6 15. e3 Ne5 16. Bc3 Bxg2 17. Kxg2 0-0 18. d4 Ng4 19. Qf3 cxd4 20. Ncxd4 Ne5 21. Qe2 Rc8 22. Nxf5 exf5 23. b3 Qe7 24. Rfd1 Rfd8 25. Rd5 Nxc4 26. Qd3 Bxc3 27. bxc4 Bb4 28. Rd1 Rc6 29. Nd4 Rc5 30. Kf1 Rdc8 31. Rxc5 Bxc5 32. Nb5 Rd8 33. Nc3 Qe5 34. Rb1 Bb4 35. Nd5 Bc5 36. Nxb6 Bxb6 37. Rxb6 d5 38. Rb5 Qa1+ 39. Kg2 Qxa4 40. cxd5 Qa1 41. d6 a4 42. Qd5 a3 43. Ra5 Kg7 44. Ra8 Qf6 45. d7 Rxa8 46. Qxa8 a2 47. Qxa2 Qc6+ 48. Kh2 Qxd7 49. Qb2+ f6 50. Qc3 Qe7 51. Qd4 Kh6 52. Qf4+ Kg7 53. Qd4 Qc7 54. Qd5 Qe7 55. Qd4 1/2-1/2

[Event "Newcastle Northumbria Masters"]
[Site "Newcastle on Tyne"]
[Date "2022.08.29"]
[Round "6"]
[White "Phan, Stefanus Kf"]
[Black "Bremner, Adam"]
[Result "1/2-1/2"]
[WhiteElo "1824"]
[BlackElo "2171"]
[PlyCount "69"]
[EventDate "2022.08.26"]
[EventType "swiss"]
[EventRounds "9"]
[EventCountry "ENG"]
[SourceTitle "CBM 210 Extra"]
[Source "ChessBase"]
[SourceDate "2022.11.30"]
[SourceVersion "1"]
[SourceVersionDate "2022.11.30"]
[SourceQuality "1"]

1. c4 e5 2. g3 Nc6 3. Nc3 Bc5 4. Bg2 a6 5. Nf3 d6 6. 0-0 Nf6 7. d3 h6 8. a3 Ba7 9. b4 0-0 10. Bb2 Bg4 11. Rc1 Qd7 12. e3 Ne7 13. Qc2 c6 14. c5 Bxf3 15. Bxf3 dxc5 16. bxc5 Qf5 17. Kg2 Rad8 18. Ne4 Nxe4 19. Bxe4 Qe6 20. d4 f5 21. Bd3 e4 22. Bc4 Nd5 23. h4 Kh8 24. Qe2 Rf6 25. Rh1 Rd7 26. Bc3 Bb8 27. Ba5 Rg6 28. Kf1 Rf6 29. Ke1 Bc7 30. Bxc7 Rxc7 31. Kd2 Rd7 32. Rb1 Qe7 33. Kc2 Rf7 34. Rb3 Qe6 35. Rbb1 1/2-1/2

[Event "Newcastle Northumbria Masters"]
[Site "Newcastle on Tyne"]
[Date "2022.08.28"]
[Round "4"]
[White "Sedykh, Mikhail"]
[Black "Phan, Stefanus Kf"]
[Result "0-1"]
[WhiteElo "2115"]
[BlackElo "1824"]
[PlyCount "95"]
[EventDate "2022.08.26"]
[EventType "swiss"]
[EventRounds "9"]
[EventCountry "ENG"]
[SourceTitle "CBM 210 Extra"]
[Source "ChessBase"]
[SourceDate "2022.11.30"]
[SourceVersion "1"]
[SourceVersionDate "2022.11.30"]
[SourceQuality "1"]

1. d4 d5 2. c4 e6 3. Nc3 Nf6 4. cxd5 exd5 5. Bg5 c6 6. e3 Be7 7. Bd3 0-0 8. Qc2 h6 9. Bh4 Re8 10. Nf3 Ne4 11. Bxe4 Bxh4 12. Bh7+ Kh8 13. Bd3 Rxe3+ 14. Ne2 Re8 15. Ne5 Be6 16. 0-0 Nd7 17. f4 Nxe5 18. dxe5 Qb6+ 19. Kh1 Bd7 20. Nc3 Rad8 21. Qe2 Kg8 22. Qh5 Be7 23. Rf3 Bc8 24. Rg3 c5 25. f5 Bg5 26. Re1 c4 27. Bb1 Qf2 28. Qd1 Bh4 29. Re2 Bxg3 30. Rxf2 Bxf2 31. Qf3 Bd4 32. g4 Rxe5 33. Ne2 Re3 34. Qf2 Bb6 35. Ng3 Bd7 36. Kg2 Bc6 37. Kh3 Rde8 38. Qf4 d4 39. f6 g5 40. Qf5 Be4 41. Bxe4 R8xe4 42. Qc8+ Re8 43. Qd7 c3 44. bxc3 dxc3 45. Kg2 Rd8 46. Qf5 Red3 47. Ne4 Rd2+ 48. Kh3 0-1

[Event "Newcastle Northumbria Masters"]
[Site "Newcastle on Tyne"]
[Date "2022.08.27"]
[Round "2"]
[White "Martyn, Rafe"]
[Black "Phan, Stefanus Kf"]
[Result "1/2-1/2"]
[WhiteElo "2209"]
[BlackElo "1824"]
[PlyCount "55"]
[EventDate "2022.08.26"]
[EventType "swiss"]
[EventRounds "9"]
[EventCountry "ENG"]
[SourceTitle "CBM 210 Extra"]
[Source "ChessBase"]
[SourceDate "2022.11.30"]
[SourceVersion "1"]
[SourceVersionDate "2022.11.30"]
[SourceQuality "1"]

1. e4 c6 2. d4 d5 3. exd5 cxd5 4. c4 Nf6 5. Nc3 Nc6 6. Nf3 Bg4 7. cxd5 Nxd5 8. Qb3 Bxf3 9. gxf3 e6 10. Qxb7 Nxd4 11. Bb5+ Nxb5 12. Qc6+ Ke7 13. Qxb5 Qd7 14. Nxd5+ Qxd5 15. Bg5+ f6 16. Qxd5 exd5 17. Be3 Ke6 18. 0-0-0 Bb4 19. a3 Rhc8+ 20. Kb1 Bc5 21. Rhe1 Bxe3 22. Rxe3+ Kd6 23. Rde1 Rc4 24. Re7 Rf4 25. R7e6+ Kd7 26. Re7+ Kd6 27. R7e6+ Kd7 28. Re7+ 1/2-1/2

[Event "Leamington Spa 4NCL op-A 28th"]
[Site "Leamington Spa"]
[Date "2022.07.09"]
[Round "2"]
[White "Phan, Stefanus Kf"]
[Black "Bill, Vincenz"]
[Result "1/2-1/2"]
[WhiteElo "1840"]
[BlackElo "1098"]
[PlyCount "52"]
[EventDate "2022.07.08"]
[EventType "swiss"]
[EventRounds "5"]
[EventCountry "ENG"]
[SourceTitle "CBM 209 Extra"]
[Source "ChessBase"]
[SourceDate "2022.09.30"]
[SourceVersion "1"]
[SourceVersionDate "2022.09.30"]
[SourceQuality "1"]

1. c4 Nf6 2. g3 g6 3. Bg2 Bg7 4. Nc3 c5 5. Nf3 Nc6 6. d4 cxd4 7. Nxd4 Ne4 8. Nxe4 Nxd4 9. 0-0 0-0 10. Bd2 d6 11. Bc3 Nc6 12. Bxg7 Kxg7 13. Qd2 Rb8 14. Rfd1 Qa5 15. Qxa5 Nxa5 16. c5 dxc5 17. Nxc5 Nc6 18. Rd2 Be6 19. Nxb7 Rxb7 20. Bxc6 Rc7 21. Be4 Rfc8 22. b3 Rc3 23. Kg2 R8c5 24. Rad1 Ra5 25. f3 Ra3 26. Bb1 Ra5 1/2-1/2

[Event "Leamington Spa 4NCL op-A 28th"]
[Site "Leamington Spa"]
[Date "2022.07.08"]
[Round "1"]
[White "Jones, Steven"]
[Black "Phan, Stefanus Kf"]
[Result "1-0"]
[WhiteElo "2251"]
[BlackElo "1840"]
[PlyCount "85"]
[EventDate "2022.07.08"]
[EventType "swiss"]
[EventRounds "5"]
[EventCountry "ENG"]
[SourceTitle "CBM 209 Extra"]
[Source "ChessBase"]
[SourceDate "2022.09.30"]
[SourceVersion "1"]
[SourceVersionDate "2022.09.30"]
[SourceQuality "1"]

1. e4 c6 2. Nc3 d5 3. Nf3 Bg4 4. h3 Bxf3 5. Qxf3 e6 6. Be2 Nf6 7. 0-0 Nbd7 8. d4 dxe4 9. Nxe4 Nxe4 10. Qxe4 Nf6 11. Qh4 Bd6 12. c3 0-0 13. Bf4 Bxf4 14. Qxf4 Qe7 15. Qe5 Rfd8 16. Bf3 Rac8 17. Rfd1 Qc7 18. Qe2 Rd7 19. g3 g6 20. Kg2 Rcd8 21. h4 Kg7 22. Qe3 h6 23. Rd2 c5 24. Rad1 Nd5 25. Qe2 c4 26. Be4 h5 27. Qf3 Rb8 28. Re2 Qd8 29. Rde1 b5 30. Bxd5 Rxd5 31. Re5 Rb7 32. Rxd5 Qxd5 33. Re5 Qxf3+ 34. Kxf3 Rb6 35. Rc5 Rb7 36. Ke4 Kf6 37. d5 Rb6 38. Rc6 Ke7 39. Rc7+ Kd6 40. Rxf7 Ra6 41. a3 exd5+ 42. Kd4 Ke6 43. Rb7 1-0